Представление документа в формате MARC21

Поле Инд. ПП Название Значение
Тип записи a
Библиографический уровень b
001 Контрольный номер RU/IS/BASE/274276560
005 Дата корректировки 20200604185106.2
008 Кодируемые данные 20080909
040 b Код языка каталог. rus
e Правила каталог. PSBO
041 0_ a Код языка текста rus
084 a Индекс другой классификации/Индекс ББК 81.432.4-2
100 1_ a Автор Голубева Н. А.
245 10 a Заглавие Прецедентные единицы в грамматике: традиции и новаторство
504 a Библиография Библиогр.: 15 назв.
520 0_ a Аннотация Задача данной статьи - на примере грамматической метафоры раскрыть понятие прецедентности, обнаружив способы ее выражения в грамматическом дискурсе
650 04 a Основная рубрика грамматика
a Основная рубрика немецкий язык
a Основная рубрика филологические науки
a Основная рубрика частное языкознание
a Основная рубрика языкознание
653 0_ a Ключевые слова грамматическая метафора
a Ключевые слова грамматический дискурс
a Ключевые слова метафорический перенос
a Ключевые слова прецедентность
a Ключевые слова прецедентные единицы
773 08 t Заглавие источника Высшее образование сегодня
d Дата издания источника 2008
g Прочая информация № 5. - С. 47 - 49
w Контрольный № источника RU/IS/BASE/267718432
901 t Тип документа b